|
|
|
|
| LEADER |
00000nam0a2200000 4500 |
| 001 |
310572 |
| 005 |
20231102002312.0 |
| 020 |
|
|
|a RU
|b 82-3807
|
| 035 |
|
|
|a (RuTPU)RU\TPU\book\335922
|
| 090 |
|
|
|a 310572
|
| 100 |
|
|
|a 20151126d1981 k y0rusy5003 ca
|
| 101 |
0 |
|
|a rus
|
| 102 |
|
|
|a BY
|
| 105 |
|
|
|a a z 001zy
|
| 200 |
1 |
|
|a Автоматизация проектирования технологических процессов и оснастки для штамповки
|e сборник научных трудов
|f Академия наук Белорусской ССР (АН БССР), Институт технической кибернетики (ИТК) ; под ред. А. Г. Гривачевского
|
| 210 |
|
|
|a Минск
|c Изд-во ИТК
|d 1981
|
| 215 |
|
|
|a 144 с.
|c ил.
|
| 320 |
|
|
|a Библиография в конце статей
|
| 606 |
|
|
|a Штамповка металлов, горячая
|2 stltpush
|3 (RuTPU)RU\TPU\subj\19450
|9 44689
|
| 610 |
1 |
|
|a штамповочное производство
|
| 610 |
1 |
|
|a подготовка
|
| 610 |
1 |
|
|a автоматизация
|
| 610 |
1 |
|
|a штампы
|
| 610 |
1 |
|
|a проектирование
|
| 675 |
|
|
|a 621.984
|v 3
|
| 702 |
|
1 |
|a Гривачевский
|b А. Г.
|g Александр Георгиевич
|4 340
|
| 712 |
0 |
2 |
|a Академия наук Белорусской ССР (АН БССР)
|b Институт технической кибернетики (ИТК)
|c (Минск)
|2 stltpush
|3 (RuTPU)RU\TPU\col\443
|
| 801 |
|
0 |
|a RU
|b RuMRKP
|c 19950704
|g psbo
|
| 801 |
|
1 |
|a RU
|b 63413507
|c 20151126
|
| 801 |
|
2 |
|a RU
|b 63413507
|c 20180921
|g RCR
|
| 942 |
|
|
|c BK
|